header

Human-computer interaction and management information systems (Record no. 140666)

MARC details
000 -LEADER
fixed length control field 01465nam a2200349Ia 4500
082 04 - DEWEY DECIMAL CLASSIFICATION NUMBER
Classification number 658.4038011
245 00 - TITLE STATEMENT
Title Human-computer interaction and management information systems
260 ## - PUBLICATION, DISTRIBUTION, ETC. (IMPRINT)
Place of publication Armonk, N.Y. ;
-- London :
Name of publisher M.E. Sharpe,
Year of publication c2006.
300 ## - PHYSICAL DESCRIPTION
Number of Pages xi, 450 p. :
Other physical details ill.
490 1# - SERIES STATEMENT
Series statement Advances in management information systems,
650 #0 - SUBJECT ADDED ENTRY--TOPICAL TERM
Topical Term Management information systems.
Topical Term Human-computer interaction.
700 1# - ADDED ENTRY--PERSONAL NAME
Personal name Zhang, Ping,
Personal name Galletta, Dennis F.
856 40 - ELECTRONIC LOCATION AND ACCESS
Uniform Resource Identifier http://site.ebrary.com/lib/rucke/Doc?id=10178097

No items available.

© 2026 Rongo University
Contact us: librarian | system librarian | Rongo university